| Tag |
First Indicator |
Second Indicator |
Subfields |
| LEADER |
00000cam a2200000 4500 |
| 001 |
in00000022694 |
| 005 |
20151007064111.0 |
| 008 |
800703s1930 ilu 00000 eng d |
| 035 |
|
|
|a (OCoLC)06484706
|
| 035 |
|
|
|9 AAD9051AM
|
| 040 |
|
|
|a TXA
|c TXA
|d UtOrBLW
|
| 049 |
|
|
|a TXAM
|c [454487]
|
| 090 |
|
|
|a PR2807
|b .S67 1930
|
| 092 |
|
|
|a 822.33
|b GS769
|
| 100 |
1 |
|
|a Spriggs, Charles Orvine.
|
| 245 |
1 |
2 |
|a A study of the Hamlet role among actors and critics from Betterton to Malone.
|
| 264 |
|
1 |
|a [Evanston, Ill.],
|b [publisher not identified] ;
|c [1930.]
|
| 300 |
|
|
|a 65 .
|
| 336 |
|
|
|a text
|b txt
|2 rdacontent
|
| 337 |
|
|
|a unmediated
|b n
|2 rdamedia
|
| 338 |
|
|
|a volume
|b nc
|2 rdacarrier
|
| 502 |
|
|
|a Thesis (M.A.) - Northwestern University.
|
| 600 |
1 |
0 |
|a Shakespeare, William,
|d 1564-1616
|x Stage history
|y 1625-1800.
|
| 600 |
1 |
0 |
|a Shakespeare, William,
|d 1564-1616.
|t Hamlet.
|
| 740 |
4 |
|
|a The Hamlet role among actors and critics.
|
| 999 |
|
|
|a MARS
|
| 999 |
f |
f |
|s d96ae5d7-1a53-3142-ac8a-81962245d0ff
|i 7bbef13e-e3aa-3e2a-a3c3-efb44ea28d5b
|t 0
|
| 952 |
f |
f |
|p normal
|a Texas A&M University
|b College Station
|c Sterling C. Evans Library
|d Evans: Library Stacks
|t 0
|e PR2807 .S67 1930
|h Library of Congress classification
|i unmediated -- volume
|m A14801308288
|
| 998 |
f |
f |
|a PR2807 .S67 1930
|t 0
|l Evans: Library Stacks
|